Sancho Panza /

Guardado en:
Autor Corporativo: TVE.
Formato: Deslizar
Materias:
Etiquetas: Agregar Etiqueta
Sin Etiquetas, Sea el primero en etiquetar este registro!
LEADER 00929ngm a22002535g 4500
001 CEM.cems022699
008 130507b2005##################0###0#####d
005 20241114142730.0
245 1 0 |a Sancho Panza /  |c TVE. 
300 |a 106'. 
500 |a En soporte VHS, consultar en ventanilla. 
505 0 |a Largometraje " Sancho Panza", protagonizado por Alfredo Landa, donde se cuentan las hazañas del ingenioso Hidalgo y su fiel compañero Sancho Panza. 
538 |a Soporte: VHS - Norma: Pal N - Color: Si - Grabación DRD 2005 - Hitachi=0000 
110 2 |a TVE. 
082 8 6 |/ CER-3 
653 |a MIGUEL de CERVANTES SAAVEDRA 
653 |a NOVELA PICARESCA ESPAÑOLA 
653 |a LITERATURA ESPAÑOLA 
653 |a DON QUIJOTE DE LA MANCHA 
653 |a QUIJOTE 
653 |a SANCHO PANZA 
653 |a NIVEL PRIMARIO 
653 |a NIVEL SECUNDARIO 
859 |a CEMS  |b BIB. CEMS - Depto. Recursos Didacticos  |h 863  |i CER-3  |k DRD  |p 1342.12  |t Ej.1